After the spirit comes. (Record no. 13076)

000 -LEADER
fixed length control field 00550nam a2200181 a 4500
001 - CONTROL NUMBER
control field :::00010894$&:&@@
003 - CONTROL NUMBER IDENTIFIER
control field OkBaRHE
005 - DATE AND TIME OF LATEST TRANSACTION
control field 20000607103403.0
008 - FIXED-LENGTH DATA ELEMENTS--GENERAL INFORMATION
fixed length control field s1974 j 000 0 eng u
040 ## - CATALOGING SOURCE
Transcribing agency
100 1# - MAIN ENTRY--PERSONAL NAME
Personal name Taylor, Jack R.
245 10 - TITLE STATEMENT
Title After the spirit comes.
260 ## - PUBLICATION, DISTRIBUTION, ETC. (IMPRINT)
Place of publication, distribution, etc Nashville, TN., :
Name of publisher, distributor, etc Broadman Press
Date of publication, distribution, etc c1974
300 ## - PHYSICAL DESCRIPTION
Extent 130 p. ;
Dimensions 20 cm.
650 ## - SUBJECT ADDED ENTRY--TOPICAL TERM
Topical term or geographic name as entry element Christian Life
General subdivision Baptist Authors
942 ## - ADDED ENTRY ELEMENTS (KOHA)
Source of classification or shelving scheme
Koha item type Books
Copies
Permanent Location Barcode Copy number Source of classification or shelving scheme Full call number Not for loan Price effective from Date last seen Damaged status Withdrawn status Koha item type Date acquired Shelving location Lost status
RHEMA Bible Training College108941 BV 4501.2 .T275 2010-04-142010-04-14  Books2010-04-14General Stacks